Textbook of biochemistry and human biology (Record no. 16267)

MARC details
000 -LEADER
fixed length control field 00648nam a22002057a 4500
008 - FIXED-LENGTH DATA ELEMENTS--GENERAL INFORMATION
fixed length control field 161207b xxu||||| |||| 00| 0 eng d
020 ## - INTERNATIONAL STANDARD BOOK NUMBER
International Standard Book Number 8120319653
040 ## - CATALOGING SOURCE
Original cataloging agency KABU
Transcribing agency KABU
050 ## - LIBRARY OF CONGRESS CALL NUMBER
Classification number QP514.2
Item number .T49 2003 C.1
100 ## - MAIN ENTRY--PERSONAL NAME
Personal name Talwar, G.P.
245 ## - TITLE STATEMENT
Title Textbook of biochemistry and human biology
Statement of responsibility, etc. by G.P.Talwar and L.M. Srivastava
250 ## - EDITION STATEMENT
Edition statement 3rd ed.
260 ## - PUBLICATION, DISTRIBUTION, ETC. (IMPRINT)
Place of publication, distribution, etc. New Delhi
Name of publisher, distributor, etc. PHI learning
Date of publication, distribution, etc. 2003
300 ## - PHYSICAL DESCRIPTION
Extent xxxii, 1294 p.
650 ## - SUBJECT ADDED ENTRY--TOPICAL TERM
Topical term or geographic name as entry element Biochemistry
650 ## - SUBJECT ADDED ENTRY--TOPICAL TERM
Topical term or geographic name as entry element Clinical biochemistry
650 ## - SUBJECT ADDED ENTRY--TOPICAL TERM
Topical term or geographic name as entry element Biochemistry phenomena
700 ## - ADDED ENTRY--PERSONAL NAME
Personal name Srivastava, L.M.
942 ## - ADDED ENTRY ELEMENTS (KOHA)
Source of classification or shelving scheme Library of Congress Classification
Koha item type General Collection
Edition 3rd ed.
Classification part QP514.2 .T49 2003 C.1
Holdings
Withdrawn status Lost status Source of classification or shelving scheme Not for loan Home library Current library Shelving location Date acquired Cost, normal purchase price Total Checkouts Total Renewals Full call number Barcode Date last seen Date last checked out Copy number Price effective from Koha item type
    Library of Congress Classification   Kabarak, Main Campus Kabarak, Main Campus General Stacks 07/12/2016 7714.85 22 2 QP514.2 .T49 2003 C.1 027044 06/10/2023 19/09/2023 C.1 07/12/2016 General Collection
Designed with assistance from East African Informatics Ltd